Statistics for UK General Knowledge Multiple Choice #2

Click here to take the quiz!

General Stats

  • This quiz has been taken 17,333 times
  • The average score is 10 of 15

Answer Stats

QuestionAnswer% Correct
What fictional character lives at 221B Baker Street?Sherlock Holmes
93%
Queen Elizabeth II was known to have what breed of dog as pets?Corgi
91%
What happens when you reach 100 years of age in the United Kingdom?Message from the King
88%
What flower is traditionally worn on Remembrance Day?Red Poppy
88%
Who was Robin Hood's second in command?Little John
73%
What is the national animal of Scotland?Unicorn
66%
What is the usual earliest age you can drive a car in the U.K.?17
65%
Why did people run away to Gretna Green?To get married
64%
Who is the patron Saint of Wales?St. David
62%
Who do Liverpool F.C. play against in the Merseyside Derby?Everton
61%
Where do the Tigers Rugby Union team come from?Leicester
60%
The "Ceremony of the Keys" is performed each evening at which famous London landmark?Tower of London
60%
What is "The Granite City"?Aberdeen
59%
Who was Henry VIII's sixth and final wife?Catherine Parr
50%
Which racecourse hosts the Grand National horse race?Aintree
39%

Score Distribution

Percentile by Number Answered

Percent of People with Each Score

Your Score History

You have not taken this quiz